Physical geography

Saved in:
Bibliographic Details
Main Author: Strahler, Arthur N (Author)
Format: Book
Language:English
Published: Nueva York John Wiley 1960
Edition:2a. ed
Subjects:
Tags: Add Tag
No Tags, Be the first to tag this record!

MARC

LEADER 00000nam a2200000 a 4500
001 UCU2056
003 CL-VaPUC
008 960419e19600000US |||||||||||||||||eng|d
082 0 4 |a 910.02  |b STR  |2 21 
100 0 |a Strahler, Arthur N  |e author  |9 357911 
245 1 0 |a Physical geography 
250 |a 2a. ed 
300 |a 534 p 
942 |c BK 
945 |d 19960419 00:00:00  |a paguirre 
260 |a Nueva York  |b John Wiley  |c 1960 
650 0 |a Geografía  |9 259346 
650 0 |a Geografía física   |9 259347 
650 7 |a TIERRA  |2 CL-VaPUC  |9 261538 
650 0 |a Topografía   |9 260423 
650 0 |a Clima  |9 265281 
650 0 |a Geomorfología   |9 261377 
583 |a last modification  |c 19960419 00:00:00  |k Rodrigo Vera 
999 |c 246455  |d 246453 
952 |0 0  |1 0  |4 0  |6 910_020000000000000_STR_1960  |7 0  |8 A  |9 261443  |a BIBING  |b BIBING  |d 2019-11-19  |i 2019620  |o 910.02 STR 1960  |p 2019620  |r 2025-01-20  |w 2019-11-19  |y BK  |k GEO